Loading...
अंजलि और अर्घ्य
| Main Author: | |
|---|---|
| Other Authors: | |
| Format: | Printed Book |
| Published: |
Jhansi:
Sahitya Sadan,
2003
|
| Edition: | 1 |
| Subjects: |
| LEADER | 00535nam a22001577a 4500 | ||
|---|---|---|---|
| 082 | |a H891.431 |b MAI/A | ||
| 100 | |a मैथिलीशरण गुप्ता | ||
| 245 | |a अंजलि और अर्घ्य | ||
| 250 | |a 1 | ||
| 260 | |a Jhansi: |b Sahitya Sadan, |c 2003 | ||
| 300 | |a 27p. | ||
| 650 | |a Anjali aur arghya | ||
| 700 | |a Maithilisharan Gupta | ||
| 942 | |c BK | ||
| 999 | |c 42617 |d 42617 | ||
| 952 | |0 0 |1 0 |4 0 |6 H_891_431000000000000_MAIA |7 0 |8 Stack |9 46478 |a KUCL |b KUCL |c H |d 2016-11-19 |l 0 |o H891.431 MAI/A |p 36688 |r 2017-02-14 |w 2016-11-19 |y BK | ||